| 000 | 00344nam a2200109Ia 4500 | ||
|---|---|---|---|
| 008 | 220204s9999 xx 000 0 und d | ||
| 082 |
_a066.05 _bPIL |
||
| 100 | _aPilborough, L | ||
| 245 | 0 | _aInspection of chemical plant: A survey of quality and safety control in chemical and process plant | |
| 260 |
_aLondon _bGeorge Godwin _c1971 |
||
| 942 | _cBK | ||
| 999 |
_c31347 _d31347 |
||